Anwaar / (Record no. 593590)

000 -LEADER
fixed length control field 00324nam a22001217a 4500
003 - CONTROL NUMBER IDENTIFIER
control field NUST
005 - DATE AND TIME OF LATEST TRANSACTION
control field 20230308142858.0
008 - FIXED-LENGTH DATA ELEMENTS--GENERAL INFORMATION
fixed length control field 230308b ||||| |||| 00| 0 eng d
082 ## - DEWEY DECIMAL CLASSIFICATION NUMBER
Classification number 297.63,NAI
245 ## - TITLE STATEMENT
Title Anwaar /
Statement of responsibility, etc. Karim Haideri
260 ## - PUBLICATION, DISTRIBUTION, ETC.
Place of publication, distribution, etc. Rawalpindi, Pakistan
Name of publisher, distributor, etc. Maktaba Al Mehmood
Date of publication, distribution, etc. 1993
942 ## - ADDED ENTRY ELEMENTS (KOHA)
Source of classification or shelving scheme
Koha item type Book
Call number prefix 297.63,NAI
Holdings
Withdrawn status Lost status Source of classification or shelving scheme Damaged status Not for loan Permanent Location Current Location Shelving location Date acquired Total Checkouts Full call number Barcode Date last seen Price effective from Koha item type Public note
          Military College of Signals (MCS) Military College of Signals (MCS) General Stacks 03/08/2023   297.63,NAI MCS36202 03/08/2023 03/08/2023 Book Almirha No 64, Shelf No 3
© 2023 Central Library, National University of Sciences and Technology. All Rights Reserved.